プロ野球審判員クイズ2026 - Statistics

General Stats
  • This quiz has been taken 14 times
  • The average score is 18 of 60
Answer Stats
Hint 袖番号 Answer % Correct
20 白井一行
100%
3 敷田直人
67%
10 名幸一明
58%
シニアクルーチーフ 36 眞鍋勝已
50%
審判員 37 有隅昭二
50%
41 山本貴則
50%
52 山本力仁
50%
68 山本周平
50%
審判長 - 森健次郎
42%
24 嶋田哲也
42%
11 山路哲生
42%
32 原信一朗
42%
19 梅木謙一
42%
54 水口拓弥
42%
副審判長 - 笠原昌春
33%
クルーチーフ 4 吉本文弘
33%
33 福家英登
33%
14 小林和公
33%
1 秋村謙宏
33%
23 深谷篤
33%
35 市川貴之
33%
2 長井功一
33%
12 青木昴
33%
51 鈴木宏基
33%
29 川上拓斗
33%
63 鈴木蒼一朗
33%
66 市川凌
33%
22 津川力
25%
28 牧田匡平
25%
43 本田英志
25%
34 土山剛弘
25%
25 石山智也
25%
42 村山太朗
25%
13 山口義治
25%
47 芦原英智
25%
18 山村裕也
25%
49 松本大輝
25%
64 寺口翔大
25%
シニアクルーチーフ 39 川口亘太
17%
6 須山祐多
17%
55 岩下健吾
17%
31 長川真也
17%
50 古賀真之
17%
48 野田亮介
17%
27 森口壽樹
17%
8 郡司真里
17%
46 西沢一希
17%
17 正木雄大
17%
5 笹真輔
17%
9 野村奏斗
17%
16 宮武賢汰
17%
30 下村晃太郎
17%
7 藤田登伊
17%
育成審判員 60 川村亮輔
17%
67 金村好隆
17%
62 松浦伊吹
17%
65 田中享成
17%
21 権丈光輝
8%
69 坂本蒼太
8%
61 松尾虎太郎
8%
No matching quizzes found
Score Distribution
Percent of People with Each Score
Percentile by Number Answered
Your Score History
You have not taken this quiz